| 000 | 00658cam a2200217 4500500 | ||
|---|---|---|---|
| 005 | 20260405003821.0 | ||
| 041 | _afre | ||
| 042 | _adc | ||
| 100 | 1 | 0 |
_aKisters, Maximilian _eauthor |
| 245 | 0 | 0 | _aDaniel James : pour un Hegel (anti)colonial |
| 260 | _c2024. | ||
| 500 | _a95 | ||
| 690 | _aColonialisme | ||
| 690 | _aDialectique du maître et de l’esclave | ||
| 690 | _aesclavage | ||
| 690 | _aHegel | ||
| 690 | _aNoir | ||
| 690 | _aRacisme | ||
| 786 | 0 | _nPhilosophie magazine | 176 | 1-2 | 2024-02-01 | p. 43-47 | 1951-1787 | |
| 856 | 4 | 1 | _uhttps://shs.cairn.info/magazine-philosophie-magazine-2024-2-page-43?lang=fr&redirect-ssocas=7080 |
| 999 |
_c2071095 _d2071095 |
||